Promenade archéologique dans les environs de Tébessa /
Saved in:
| Main Author: | |
|---|---|
| Format: | Book |
| Language: | French |
| Published: |
[Constantine :
L. Arnolet,
1876-1878].
|
| Subjects: | |
| Tags: |
Add Tag
No Tags, Be the first to tag this record!
|
| LEADER | 00838nam a2200205K 4500 | ||
|---|---|---|---|
| 001 | 006123780-9 | ||
| 005 | 20100120105535.0 | ||
| 008 | 951029m18761878ae af 000 0 fre d | ||
| 035 | 0 | |a ocm79906183 | |
| 040 | |a DDO |c DDO | ||
| 043 | |a f-ae--- | ||
| 100 | 1 | |a Bosredon, L. de. | |
| 245 | 1 | 0 | |a Promenade archéologique dans les environs de Tébessa / |c par M. le capitaine de Bosredon. |
| 260 | |a [Constantine : |b L. Arnolet, |c 1876-1878]. | ||
| 300 | |a p. [382]-427, p. [1]-41, [4] leaves of plates : |b ill. ; |c 23 cm. | ||
| 500 | |a Extracted from: Recueil des notices et mémoires de la Société archéologique du département de Constantine. T. 18 (1876-1878). | ||
| 651 | 0 | |a Tébessa (Algeria) |x Antiquities. | |
| 730 | 0 | |a Recueil des notices et mémoires de la Société archéologique du département de Constantine. | |
| 988 | |a 20020608 | ||
| 906 | |0 MH | ||


